Survivial Guide for Ecumenically Minded Christians (Record no. 19319)

MARC details
000 -LEADER
fixed length control field 00568nam a2200229 a 4500
020 ## - INTERNATIONAL STANDARD BOOK NUMBER
ISBN
082 00 - DEWEY DECIMAL CLASSIFICATION NUMBER
Classification number 270.82
Author Cutter RYA
100 ## - MAIN ENTRY--AUTHOR NAME
Author name Ryan, Thomas Csp
245 ## - TITLE STATEMENT
Title Survivial Guide for Ecumenically Minded Christians
260 ## - PUBLICATION, DISTRIBUTION, ETC. (IMPRINT)
Place of publication Canada
Name of publisher Novalis
Year of publication 1989
300 ## - PHYSICAL DESCRIPTION
Number of Pages 163p
500 ## - GENERAL NOTE
General note includes index and biblioraphy
650 ## - SUBJECT ADDED ENTRY--TOPICAL TERM
Topical Term Ecumenicalism
942 ## - ADDED ENTRY ELEMENTS (KOHA)
Koha item type Books
700 1# -
-- Ryan, Thomas Csp
Holdings
Collection code Home library Current library Date acquired Cost, normal purchase price Full call number Accession Number Koha item type
  Henry Martyn Institute Library Henry Martyn Institute Library 02/05/2010 100.00 270.82 RYA 11002107 Books
                   Copyright © 2026 | Henry Martyn Institute | Hyderabad | TS-500052 | INDIA | Implemented by hmi.edu.in
Hit-Count:

Powered by Koha